[Event "FRA-chT3 Gr12 0304"]
[Site "Loire"]
[Date "2004.03.14"]
[Round "6.3"]
[White "Isoardo, Jean Luc"]
[Black "Moissonnier, Noel"]
[Result "1/2-1/2"]
[WhiteElo "1710"]
[BlackElo "1820"]
[PlyCount "72"]
[EventDate "2003.10.12"]
[EventType "team-tourn"]
[EventRounds "9"]
[EventCountry "FRA"]
[SourceTitle "EXT 2008"]
[Source "ChessBase"]
[SourceDate "2007.11.25"]
[SourceVersion "1"]
[SourceVersionDate "2007.11.25"]
[SourceQuality "1"]

1. d4 f5 2. Nc3 Nf6 3. Bg5 g6 4. Bxf6 exf6 5. e4 d6 6. Bd3 fxe4 7. Nxe4 Nc6 8. c3 Qe7 9. Qe2 Bg7 10. Nf3 Bg4 11. 0-0-0 0-0-0 12. Rhe1 Qf7 13. h3 Bxf3 14. Qxf3 f5 15. Ng3 Qxa2 16. Bb1 Bh6+ 17. Kc2 Qc4 18. b3 Qb5 19. Qe2 Qb6 20. Qe6+ Kb8 21. Nxf5 gxf5 22. Qxh6 Na5 23. Qe6 Qb5 24. Ba2 Rde8 25. Qf7 Re2+ 26. Rxe2 Qxe2+ 27. Rd2 Qe4+ 28. Kb2 Qe1 29. Rc2 Qe4 30. f3 Qd3 31. b4 Nc6 32. Bc4 Qd1 33. Re2 a6 34. Re8+ Ka7 35. Rxh8 Qd2+ 36. Kb3 Qd1+ 1/2-1/2